|
|
|
|
| LEADER |
00000nam a2200000 a 4500 |
| 001 |
vtls001428740 |
| 003 |
SK-MaSNL |
| 005 |
20260301162606.0 |
| 008 |
240318s2000 HU a r hun |
| 020 |
|
|
|a 0709707762
|
| 035 |
|
|
|a SNK000383738
|
| 035 |
|
|
|a urn:nbn:sk:snk-amti7u
|
| 035 |
|
|
|a urn:nbn:sk:snk-am00c5gd
|
| 035 |
|
|
|a DBD9B264-425E-4571-B77A-7E7FC4AA26E0
|
| 040 |
|
|
|a SNK
|b slo
|c SNK
|e AACR2
|
| 041 |
0 |
|
|a hun
|
| 044 |
|
|
|a HU
|
| 080 |
|
|
|a 820-93=945.11
|2 1981
|
| 080 |
|
|
|a 820-34=945.11
|2 1981
|
| 100 |
1 |
|
|a Spurgeon, Maureen
|4 aut
|9 278145
|
| 245 |
1 |
0 |
|a Dörmi maci kalandjai
|c [írta: Maureen Spurgeon ; rajzolta: Pamela Storey] ; fordította Bakó Krisztina]
|
| 260 |
|
|
|a [S.l.]
|b Brown Watson
|c 2000
|e [Martin
|f Neografia]
|
| 300 |
|
|
|a 32 s.
|b fareb. ilustr.
|c 30 cm
|
| 500 |
|
|
|a Údaje o zodp. prevzaté z rubu tit. strany
|
| 500 |
|
|
|a Vyd. Fröhlich és Társai, Budapest
|
| 650 |
0 |
7 |
|a anglické rozprávky
|2 SNK
|9 299020
|
| 700 |
1 |
|
|a Storey, Pamela,
|d 1956-
|4 ill
|9 46990
|
| 700 |
1 |
|
|a Bakó, Krisztina
|4 trl
|9 524371
|
| 919 |
|
|
|a 0-7097-0776-2
|
| 958 |
|
|
|a OND
|
| 999 |
|
|
|c 813791
|d 815721
|
| 952 |
|
|
|t P60, <03>, [BOOK], {603}
|a SNK
|b SNK
|y PREZ
|7 0
|p 17A0334337
|o snkSB 64533
|i snkKSP 2209/2002
|0 0
|1 0
|4 0
|d 2002-02-20
|f 1
|l 0
|r 2025-04-14 00:00:00
|w 2026-02-24
|